<?xml version="1.0" encoding="UTF-8"?>
<record
    xmlns:xsi="http://www.w3.org/2001/XMLSchema-instance"
    xsi:schemaLocation="http://www.loc.gov/MARC21/slim http://www.loc.gov/standards/marcxml/schema/MARC21slim.xsd"
    xmlns="http://www.loc.gov/MARC21/slim">

  <leader>03387nac a2200505 a 4500</leader>
  <datafield tag="999" ind1=" " ind2=" ">
    <subfield code="c">665</subfield>
    <subfield code="d">665</subfield>
  </datafield>
  <controlfield tag="005">20191217041555.0</controlfield>
  <controlfield tag="008">140221b1989    ck |||||r|||| 10| 0 spa d</controlfield>
  <datafield tag="040" ind1=" " ind2=" ">
    <subfield code="a">CO-BoIAVH</subfield>
    <subfield code="c">CO-BoIAVH</subfield>
  </datafield>
  <datafield tag="041" ind1="0" ind2=" ">
    <subfield code="a">spa</subfield>
  </datafield>
  <datafield tag="044" ind1=" " ind2=" ">
    <subfield code="a">ck</subfield>
  </datafield>
  <datafield tag="090" ind1=" " ind2=" ">
    <subfield code="a">IND-</subfield>
    <subfield code="b">83</subfield>
  </datafield>
  <datafield tag="111" ind1="2" ind2=" ">
    <subfield code="a">Simposio Internacional sobre Investigaci&#xF3;n y Manejo de la Amazonia</subfield>
    <subfield code="c">(Bogot&#xE1; :</subfield>
    <subfield code="d">1989)</subfield>
  </datafield>
  <datafield tag="245" ind1="1" ind2="0">
    <subfield code="a">Memorias del simposio internacional investigaci&#xF3;n y manejo de la Amazonia / </subfield>
    <subfield code="c">Inderena</subfield>
  </datafield>
  <datafield tag="260" ind1=" " ind2=" ">
    <subfield code="a">Bogot&#xE1; (Colombia) : </subfield>
    <subfield code="b">Inderena,</subfield>
    <subfield code="c">1989.</subfield>
  </datafield>
  <datafield tag="300" ind1=" " ind2=" ">
    <subfield code="a">163 p&#xE1;ginas ; </subfield>
    <subfield code="c">24 x 17 cm</subfield>
  </datafield>
  <datafield tag="490" ind1="0" ind2=" ">
    <subfield code="a">Biblioteca Andres Posada Arango ; </subfield>
    <subfield code="v">1</subfield>
  </datafield>
  <datafield tag="505" ind1="0" ind2=" ">
    <subfield code="a">Avances sobre el recorrido inicial de la expedici&#xF3;n del Amazonas al Caribe.</subfield>
  </datafield>
  <datafield tag="505" ind1="0" ind2=" ">
    <subfield code="a">Observaciones sobre los recursos naturales dentro de la expedici&#xF3;n en canoa del Amazonas al Caribe.</subfield>
  </datafield>
  <datafield tag="505" ind1="0" ind2=" ">
    <subfield code="a">Medici&#xF3;n de los principales r&#xED;os dentro de la expedici&#xF3;n en canoa de Amazonas al Caribe.</subfield>
  </datafield>
  <datafield tag="505" ind1="0" ind2=" ">
    <subfield code="a">Algunos aspectos etnogr&#xE1;ficos amaz&#xF3;nicos dentro de la expedici&#xF3;n en canoa del Amazonas al Caribe.</subfield>
  </datafield>
  <datafield tag="505" ind1="0" ind2=" ">
    <subfield code="a">Informe y observaciones sobre arqueolog&#xED;a amaz&#xF3;nica en la expedici&#xF3;n en canoa del Amazonas al Caribe.</subfield>
  </datafield>
  <datafield tag="505" ind1="0" ind2=" ">
    <subfield code="a">Observaciones sobre actividad artesanal en los r&#xED;os Napo y Amazonas dentro de la expedici&#xF3;n en canoa del Amazonas al Caribe.</subfield>
  </datafield>
  <datafield tag="505" ind1="0" ind2=" ">
    <subfield code="a">Observaciones sobre la realidad geopol&#xED;tica amaz&#xF3;nica entre los pa&#xED;ses andinos.</subfield>
  </datafield>
  <datafield tag="505" ind1="0" ind2=" ">
    <subfield code="a">La importancia del suelo amaz&#xF3;nico.</subfield>
  </datafield>
  <datafield tag="505" ind1="0" ind2=" ">
    <subfield code="a">Algunas observaciones sobre la colonizaci&#xF3;n en los r&#xED;os Napo y Amazonas dentro de la expedici&#xF3;n en canoa del Amazonas al Caribe.</subfield>
  </datafield>
  <datafield tag="505" ind1="0" ind2=" ">
    <subfield code="a">Elementos para una pol&#xED;tica de investigaci&#xF3;n sobre la Amazonia colombiana, Comit&#xE9; de Investigaciones de Amazonia. Asesor de COLCIENCIAS.</subfield>
  </datafield>
  <datafield tag="505" ind1="0" ind2=" ">
    <subfield code="a">Diversidad flor&#xED;stica y fitogeogr&#xE1;fica de la Amazonia.</subfield>
  </datafield>
  <datafield tag="505" ind1="0" ind2=" ">
    <subfield code="a">Caracterizaci&#xF3;n resumida de los tipos de aguas de la Amazonia.</subfield>
  </datafield>
  <datafield tag="505" ind1="0" ind2=" ">
    <subfield code="a">Aspectos ecol&#xF3;gicos y algunas consideraciones del potencial y uso del recurso pesquero en la cuenca del R&#xED;o Amazonas.</subfield>
  </datafield>
  <datafield tag="520" ind1="0" ind2=" ">
    <subfield code="a">Acercamientos etnopisc&#xED;colas con los Indios Ticunas del Parque Nacional Amacayu Amazonas, Colombia.</subfield>
  </datafield>
  <datafield tag="520" ind1="0" ind2=" ">
    <subfield code="a">Manejo de la fauna dentro del concepto moderno de desarrollo.</subfield>
  </datafield>
  <datafield tag="520" ind1="0" ind2=" ">
    <subfield code="a">Algunas aplicaciones de las recomendaciones t&#xE9;cnicas por parte de los estados amaz&#xF3;nicos.</subfield>
  </datafield>
  <datafield tag="520" ind1="0" ind2=" ">
    <subfield code="a">Historial geol&#xF3;gico y perspectivas geoecon&#xF3;micas de la Amazonia.</subfield>
  </datafield>
  <datafield tag="520" ind1="0" ind2=" ">
    <subfield code="a">Visi&#xF3;n paleo-ecol&#xF3;gica de la Amazonia en relaci&#xF3;n al estudio y manejo de sus ecosistemas.</subfield>
  </datafield>
  <datafield tag="520" ind1="0" ind2=" ">
    <subfield code="a">Caracterizaci&#xF3;n hidroclim&#xE1;tica de la Amazonia Colombiana.</subfield>
  </datafield>
  <datafield tag="520" ind1="0" ind2=" ">
    <subfield code="a">Manejo y regeneraci&#xF3;n de la selva h&#xFA;meda tropical.</subfield>
  </datafield>
  <datafield tag="520" ind1="0" ind2=" ">
    <subfield code="a">Avances y perspectivas nacionales del Tratado de Cooperaci&#xF3;n Amaz&#xF3;nica. </subfield>
  </datafield>
  <datafield tag="520" ind1="0" ind2=" ">
    <subfield code="a">Perspectivas de la estructuraci&#xF3;n y manejo de una Red de Parques Nacionales y otras caracter&#xED;sticas de reservas en la Amazonia.</subfield>
  </datafield>
  <datafield tag="520" ind1="0" ind2=" ">
    <subfield code="a">Aspectos faun&#xED;sticos b&#xE1;sicos de la Amazonia: Investigaci&#xF3;n, manejo y utilizaci&#xF3;n.</subfield>
  </datafield>
  <datafield tag="650" ind1="2" ind2="6">
    <subfield code="a">Investigaci&#xF3;n</subfield>
    <subfield code="z">Amazonia (Regi&#xF3;n, Colombia)</subfield>
    <subfield code="v">Congresos, conferencias, etc.</subfield>
  </datafield>
  <datafield tag="650" ind1="2" ind2="6">
    <subfield code="a">Gesti&#xF3;n ambiental</subfield>
    <subfield code="v">Amazonia (Regi&#xF3;n, Colombia)</subfield>
    <subfield code="x">Congresos, conferencias, etc.</subfield>
  </datafield>
  <datafield tag="650" ind1="2" ind2="6">
    <subfield code="a">Recursos naturales</subfield>
    <subfield code="v">Amazonia (Regi&#xF3;n, Colombia)</subfield>
    <subfield code="x">Congresos, conferencias, etc.</subfield>
  </datafield>
  <datafield tag="710" ind1="2" ind2=" ">
    <subfield code="a">Inderena</subfield>
  </datafield>
  <datafield tag="942" ind1=" " ind2=" ">
    <subfield code="c">LIBRO</subfield>
    <subfield code="2">z</subfield>
  </datafield>
  <datafield tag="952" ind1=" " ind2=" ">
    <subfield code="0">0</subfield>
    <subfield code="1">0</subfield>
    <subfield code="2">z</subfield>
    <subfield code="4">0</subfield>
    <subfield code="7">0</subfield>
    <subfield code="8">INDERENA</subfield>
    <subfield code="I">INV2017</subfield>
    <subfield code="a">Bogota</subfield>
    <subfield code="b">Bogota</subfield>
    <subfield code="d">2017-03-23</subfield>
    <subfield code="e">Instituto</subfield>
    <subfield code="l">0</subfield>
    <subfield code="o">IND-83</subfield>
    <subfield code="p">000941</subfield>
    <subfield code="r">2017-03-23 00:00:00</subfield>
    <subfield code="t">Ej. 1</subfield>
    <subfield code="w">2017-03-23</subfield>
    <subfield code="x">Traslado IND</subfield>
    <subfield code="y">LIBRO</subfield>
  </datafield>
  <datafield tag="952" ind1=" " ind2=" ">
    <subfield code="0">0</subfield>
    <subfield code="1">0</subfield>
    <subfield code="2">z</subfield>
    <subfield code="4">0</subfield>
    <subfield code="7">0</subfield>
    <subfield code="8">INDERENA</subfield>
    <subfield code="I">INV2017</subfield>
    <subfield code="a">Bogota</subfield>
    <subfield code="b">Bogota</subfield>
    <subfield code="d">2017-03-23</subfield>
    <subfield code="e">Instituto</subfield>
    <subfield code="l">0</subfield>
    <subfield code="o">IND-83</subfield>
    <subfield code="p">000940</subfield>
    <subfield code="r">2017-03-23 00:00:00</subfield>
    <subfield code="t">Ej. 3</subfield>
    <subfield code="w">2017-03-23</subfield>
    <subfield code="x">Traslado IND</subfield>
    <subfield code="y">LIBRO</subfield>
  </datafield>
  <datafield tag="952" ind1=" " ind2=" ">
    <subfield code="0">0</subfield>
    <subfield code="1">0</subfield>
    <subfield code="2">z</subfield>
    <subfield code="4">0</subfield>
    <subfield code="7">0</subfield>
    <subfield code="8">INDERENA</subfield>
    <subfield code="I">INV2017</subfield>
    <subfield code="a">Bogota</subfield>
    <subfield code="b">Bogota</subfield>
    <subfield code="d">2017-08-09</subfield>
    <subfield code="e">Instituto</subfield>
    <subfield code="l">0</subfield>
    <subfield code="o">IND-83</subfield>
    <subfield code="p">039761</subfield>
    <subfield code="r">2017-08-09 00:00:00</subfield>
    <subfield code="t">Ej. 2</subfield>
    <subfield code="w">2017-08-09</subfield>
    <subfield code="x">Traslado IND</subfield>
    <subfield code="y">LIBRO</subfield>
  </datafield>
  <datafield tag="952" ind1=" " ind2=" ">
    <subfield code="0">0</subfield>
    <subfield code="1">0</subfield>
    <subfield code="2">z</subfield>
    <subfield code="4">0</subfield>
    <subfield code="7">0</subfield>
    <subfield code="8">INDERENA</subfield>
    <subfield code="I">INV2017</subfield>
    <subfield code="a">Bogota</subfield>
    <subfield code="b">Bogota</subfield>
    <subfield code="d">2017-08-31</subfield>
    <subfield code="e">Instituto</subfield>
    <subfield code="l">0</subfield>
    <subfield code="o">IND-83</subfield>
    <subfield code="p">042857</subfield>
    <subfield code="r">2017-08-31 00:00:00</subfield>
    <subfield code="t">Ej.1</subfield>
    <subfield code="w">2017-08-31</subfield>
    <subfield code="x">Traslado IND</subfield>
    <subfield code="y">LIBRO</subfield>
  </datafield>
</record>
